California Counties by First Two Letters in 30 Seconds - Statistics

General Stats
  • This quiz has been taken 137 times
  • The average score is 30 of 58
Answers on the Map
Answers color-coded by a green-red scale on the quiz's map according to % correct below.
 
Answer Stats
County % Correct
Sacramento
96%
San Benito
96%
San Bernardino
96%
San Diego
96%
San Francisco
96%
San Joaquin
96%
San Luis Obispo
96%
San Mateo
96%
Santa Barbara
96%
Santa Clara
96%
Santa Cruz
96%
Los Angeles
79%
Sierra
71%
Siskiyou
71%
Modoc
67%
Mono
67%
Monterey
67%
Solano
63%
Sonoma
63%
Madera
58%
Marin
58%
Mariposa
58%
Humboldt
54%
Lake
54%
Lassen
54%
Orange
54%
Alameda
50%
Alpine
50%
Fresno
50%
Inyo
50%
Shasta
50%
Del Norte
46%
Kern
46%
Mendocino
46%
Merced
46%
Riverside
46%
Imperial
42%
Ventura
42%
Colusa
33%
Contra Costa
33%
Stanislaus
33%
Amador
29%
Sutter
29%
Tulare
29%
Tuolumne
29%
Calaveras
25%
El Dorado
25%
Kings
25%
Napa
25%
Nevada
25%
Placer
25%
Plumas
25%
Tehama
25%
Trinity
25%
Yolo
21%
Butte
13%
Glenn
8%
Yuba
8%
No matching quizzes found
Score Distribution
Percent of People with Each Score
Percentile by Number Answered
Your Score History
You have not taken this quiz